| 000 | 00956nam a2200289Ia 4500 | ||
|---|---|---|---|
| 000 | nam a22 i 4500 | ||
| 001 | UNACH-11935 | ||
| 007 | ta | ||
| 008 | 221212s ||||fr|||| 00| | spa d | ||
| 020 | _a978-958-201-026-3 | ||
| 041 | 0 | _aspa | |
| 082 | 0 | 4 |
_a37.013 _bPedagogía |
| 100 | 1 |
_aRivera Márquez, Jorge Enrique, _eautor |
|
| 245 | 1 | 0 | _aHERRAMIENTAS DE LA GESTIÓN EDUCATIVA |
| 264 | 3 | 1 |
_a[Bógota] : _aColombia : _bMagisterio Editorial, _c2010 |
| 300 |
_a420 páginas : _bilustraciones |
||
| 336 |
_atexto _btxt _2rdacontent |
||
| 337 |
_ano mediado _bn _2rdamedia |
||
| 338 |
_avolumen _bnc _2rdacarrier |
||
| 504 | _aIncluye contenido | ||
| 505 | 0 | _aInstrumentos de la gestión directiva.-- instrumentos de la gestión académica.-- instrumentos de la gestión administrativa, de convivencia | |
| 650 | 1 | 4 | _aADMINISTRACIÓN Y GESTIÓN |
| 650 | 2 | 4 | _aFASES DE GESTION |
| 650 | 2 | 4 | _aGESTIÓN EDUCATIVA |
| 942 |
_2ddc _c1 _n0 |
||
| 999 |
_c9304 _d9304 |
||